Impacto de la violencia contra las mujeres y estrategias de afrontamiento /
Bewaard in:
| Hoofdauteur: | |
|---|---|
| Formaat: | Texto |
| Onderwerpen: | |
| Tags: |
Voeg label toe
Geen labels, Wees de eerste die dit record labelt!
|
MARC
| LEADER | 00000 a a2200000 04500 | ||
|---|---|---|---|
| 001 | 17287 | ||
| 003 | |||
| 040 | |||
| 100 | |a Ramos Lira, Luciana | ||
| 245 | |a Impacto de la violencia contra las mujeres y estrategias de afrontamiento / |c Luciana Ramos Lira | ||
| 650 | |a VIOLENCIA CONTRA LAS MUJERES | ||
| 650 | |a GENERO | ||
| 650 | |a MEXICO | ||
| 773 | |g volumen 49 Edición Espe; páginas 334-336 | ||
| 999 | |c 20301 |d 20301 | ||
